| 000 | 00454nam a2200181Ia 4500 | ||
|---|---|---|---|
| 005 | 20250423095059.0 | ||
| 008 | 250422s9999 xx 000 0 und d | ||
| 020 | _a81-7808-789-8 | ||
| 050 | _aQA 76.9.D5 .T36/ | ||
| 100 | _aAndrew S. Tanenbaum | ||
| 245 | 0 | _aDistributed Systems Principles and Paradigms | |
| 260 | _aDelhi | ||
| 260 | _bPearson Education Asia | ||
| 260 | _c2002 | ||
| 300 | _a805 p | ||
| 650 | _aSoftware Concepts | ||
| 942 | _cBK | ||
| 999 |
_c29179 _d29179 |
||